Statistics for Biggest Cities in the Almohad Caliphate with a Map

Click here to take the quiz!

General Stats

  • This quiz has been taken 109 times
  • The average score is 23 of 40

Answers on the Map

Answers color-coded by a green-red scale on the quiz's map according to % correct below.
 

Answer Stats

PopulationCity% Correct
150kIsbiliyyah
(Seville)
96%
21kBalansiyyah
(Valencia)
93%
30kTunis
93%
10kAlgiers
92%
150kMarrakesh
90%
60kQurtubah
(Córdoba)
89%
200kFez
88%
10kOran
88%
10kTripoli
87%
60kGarnatah
(Granada)
86%
10kTangier
86%
50kRabat
85%
23kMadinat Mayurqah
(Palma de Mallorca)
83%
20kMalaqah
(Málaga)
82%
11kMursiyyah
(Murcia)
77%
40kSabtah
(Ceuta)
77%
10kSfax
68%
20kConstantine
59%
16kMaridah
(Mérida)
54%
17kQartagannah al-Halfa
(Cartagena)
54%
18kMadinat al-Mariyyah
(Almería)
52%
20kBatalyaws
(Badajoz)
50%
15kSaris
(Jerez de la Frontera)
47%
15kSousse
45%
17kGayyan
(Jaén)
42%
35kTlemcen
42%
20kKairouan
39%
10kAnnaba
38%
33kMeknes
37%
15kGabès
33%
15kSalé
33%
10kOujda
28%
50kBéjaïa
27%
10kMonastir
24%
10kIstiggah
(Écija)
23%
20kMahdia
22%
10kTaza
15%
10kTiaret
15%
10kBalis
(Vélez-Málaga)
14%
20kSijilmasa
10%

Score Distribution

Percentile by Number Answered

Percent of People with Each Score

Your Score History

You have not taken this quiz